000 00452nam a2200169 i 4500
001 74273
003 ES-MaACL
005 20230906172055.0
007 t|
008 040916s1967 mx ||||1| spa d
100 1 _aGonzález Flores, Anacleto.
_958636
245 1 0 _aEnsayos
_b: discursos /
_cAnacleto González Flores.
250 _a2ª ed.
260 _aMéxico :
_bJus,
_c1967.
300 _a73 p. ;
_c19 cm.
852 _aES-MaACL
_jA-5703
_bR.93768
999 _c74273
_d74273